الإدارة في الإسلام / (رقم التسجيلة. 1422)

تفاصيل مارك
000 -الفاتح
عناصر البيانات ثابتة الطول 00597cam a2200181 i 4500
005 - تاريخ ووقت آخر معاملة
حقل ضبط 20251119113741.0
008 - عناصر البيانات ثابتة الطول
عناصر البيانات ثابتة الطول 250721s1985 su gr 000 0 ara d
082 14 - رقم تصنيف ديوي العشري
رقم التصنيف 210.435
رقم المادة ع س ل
100 1# - مدخل رئيسي – اسم شخصي
الاسم الشخصي العسلي، محمد مهنا
علاقة الشخص بالعمل/ دوره مؤلف.
245 12 - بيان العنوان
العنوان الإدارة في الإسلام /
بيان المسؤولية تأليف الرائد/ محمد مهنا العلي.
250 ## - بيان الطبعة
بيان الطبعة الطبعة الأولى.
264 31 - بيانات النشر، التوزيع…إلخ
مكان النشر، التوزيع...إلخ جدة :
اسم الناشر، الموزع...إلخ الدار السعودية،
تاريخ النشر، التوزيع...إلخ 1985.
300 ## - الوصف المادي
عدد الوحدات المكونة للوعاء 288 صفحة.
650 17 - مدخل إضافي بالموضوع - مصطلح موضوعي
مصطلح موضوعي أو اسم جغرافي كعنصر مدخل الإسلام.
650 17 - مدخل إضافي بالموضوع - مصطلح موضوعي
مصطلح موضوعي أو اسم جغرافي كعنصر مدخل الإدارة.
942 ## - بيانات إضافية (كوها)
نوع التنصيف Dewey Decimal Classification
نوع المادة (كوها) كتب
المقتنيات
حالة السحب حالة الفقدان مصدر التصنيف حالة التلف غير قابل للإعارة المكتبة الرئيسية المكتبة الحالية موقع الرف تاريخ التزويد الرقم المتسلسل Total Checkouts رقم الإستدعاء الباركود تاريخ آخر ظهور تاريخ الفاتورة نوع المادة (كوها)
    Dewey Decimal Classification     المكتبة المركزية المكتبة المركزية الإعارة 06/07/2004 143577   210.435 / ع س ل 143577 28/07/2025 06/07/2004 كتب
    Dewey Decimal Classification Unchecked   مكتبة الحسن العامة مكتبة الحسن العامة الإعارة 06/07/2004 2514   210.435/عسل   28/07/2025 06/07/2004 كتب
    Dewey Decimal Classification     مكتبة النصر العامة مكتبة النصر العامة الإعارة 24/09/2014 (764)   210.435/عسل PLD00307244 28/07/2025 24/09/2014 كتب
Implemented & Customized by: BBB with SCIT (Smart Chains for Information Technology)

Powered by Koha